| 000 | 01057nam a2200313 i 4500 | ||
|---|---|---|---|
| 003 | EG-GICUC | ||
| 005 | 20260219212913.0 | ||
| 008 | 260219s1992 ua ||||fr ||| 00| 0 ara d | ||
| 017 | _a1991/7140 | ||
| 020 | _a1770407143 | ||
| 040 |
_aEG-GICUC _cEG-GICUC _dEG-GICUC _erda _bara |
||
| 041 | 0 | _aara | |
| 082 | 0 | 4 |
_221 _a341.47 _bع ص . ت |
| 092 | 0 | 4 | _221 |
| 099 | _aLaw1 11 341.47 ع ص . ت 1992 | ||
| 100 | 0 |
_aعصام زناتي _eمؤلف. |
|
| 245 | 1 | 2 |
_aالتليفزيون المباشر عبر الأقمار الصناعية : _bدراسة قانونية / _cعصام زناتي . |
| 264 | 0 |
_aمصر : _c1992 . |
|
| 300 |
_a154 صفحة ؛ _c30 سم. |
||
| 336 |
_atext _2rda content |
||
| 337 |
_aComputer _2rda media |
||
| 338 |
_aOnline Resource _2rda carrier |
||
| 546 | _aالنص باللغة العربية | ||
| 650 | 0 | 4 | _aالقانون الدولي العام |
| 650 | 0 | 4 | _aالقانون الكوني الدولي |
| 856 | _uhttps://fll.law.cu.edu.eg/fulltext/th/B11-07699.pdf | ||
| 905 | _a59 | ||
| 942 |
_2ddc _cBK _e21 _n0 |
||
| 999 |
_c63877 _d63877 |
||